[Event "Montreal-A"]
[Site "Montreal CAN"]
[Date "2004.08.07"]
[Round "4"]
[White "Bluvshtein, Mark"]
[Black "Efimenko, Zahar"]
[Result "0-1"]
[WhiteElo "2462"]
[BlackElo "2572"]
[PlyCount "72"]
[GameId "2160767911086417"]
[EventDate "2004.08.04"]
[EventType "tourn"]
[EventRounds "11"]
[EventCountry "CAN"]
[EventCategory "12"]
[SourceTitle "CBM 103"]
[Source "ChessBase"]
[SourceDate "2004.11.11"]
[SourceVersion "1"]
[SourceVersionDate "2004.11.11"]
[SourceQuality "1"]

1. e4 e6 2. d4 d5 3. Nc3 Bb4 4. exd5 exd5 5. Bd3 Ne7 6. Qh5 Qd6 7. a3 Bxc3+ 8. bxc3 Nd7 9. Ne2 Ng6 10. O-O Nf6 11. Qg5 O-O 12. a4 Re8 13. Ba3 Qd7 14. a5 Ne4 15. Qc1 b6 16. a6 c6 17. f3 Nd6 18. f4 f5 19. Ng3 Ne4 20. Bb4 Qf7 21. Nxe4 dxe4 22. Be2 Rd8 23. Qa3 Be6 24. Bh5 Bc4 25. Rfe1 Qe6 26. Bxg6 Qxg6 27. Re3 Rd7 28. Rae1 Qh6 29. g3 c5 30. dxc5 Qh3 31. Qc1 Rad8 32. g4 Qh4 33. Rg3 Rd2 34. Rg2 e3 35. gxf5 Rxg2+ 36. Kxg2 Bd5+ 0-1

[Event "Montreal-A"]
[Site "Montreal CAN"]
[Date "2004.08.07"]
[Round "4"]
[White "Tyomkin, Dimitri"]
[Black "Moiseenko, Alexander"]
[Result "1/2-1/2"]
[WhiteElo "2498"]
[BlackElo "2640"]
[PlyCount "39"]
[GameId "2160767911086422"]
[EventDate "2004.08.04"]
[EventType "tourn"]
[EventRounds "11"]
[EventCountry "CAN"]
[EventCategory "12"]
[SourceTitle "CBM 103"]
[Source "ChessBase"]
[SourceDate "2004.11.11"]
[SourceVersion "1"]
[SourceVersionDate "2004.11.11"]
[SourceQuality "1"]

1. e4 c5 2. Nf3 Nc6 3. Bb5 d6 4. Bxc6+ bxc6 5. O-O Bg4 6. c3 Nf6 7. d3 e5 8. h3 Bh5 9. Bg5 Be7 10. Nbd2 h6 11. Bh4 O-O 12. Qa4 Qc7 13. d4 exd4 14. cxd4 Bxf3 15. Nxf3 Nxe4 16. Bxe7 Qxe7 17. Rfe1 d5 18. Qxc6 Rfd8 19. Qxc5 Qxc5 20. dxc5 1/2-1/2

[Event "Montreal-A"]
[Site "Montreal CAN"]
[Date "2004.08.08"]
[Round "5"]
[White "Nataf, Igor A"]
[Black "Huzman, Alexander"]
[Result "1/2-1/2"]
[WhiteElo "2553"]
[BlackElo "2588"]
[PlyCount "45"]
[GameId "2160767911086426"]
[EventDate "2004.08.04"]
[EventType "tourn"]
[EventRounds "11"]
[EventCountry "CAN"]
[EventCategory "12"]
[SourceTitle "CBM 103"]
[Source "ChessBase"]
[SourceDate "2004.11.11"]
[SourceVersion "1"]
[SourceVersionDate "2004.11.11"]
[SourceQuality "1"]

1. e4 e5 2. Nf3 Nf6 3. d4 Nxe4 4. Bd3 d5 5. Nxe5 Nd7 6. Nxd7 Bxd7 7. O-O Bd6 8. Nc3 Nxc3 9. bxc3 Qh4 10. g3 Qh3 11. Rb1 O-O-O 12. c4 Bg4 13. f3 Bf5 14. c5 Bxd3 15. cxd3 Bxg3 16. Qc2 Bh4 17. c6 bxc6 18. Qxc6 Rd6 19. Qb7+ Kd7 20. Qb5+ Kc8 21. Qb8+ Kd7 22. Qb5+ Kd8 23. Qb8+ 1/2-1/2

[Event "Montreal-A"]
[Site "Montreal CAN"]
[Date "2004.08.08"]
[Round "5"]
[White "Rozentalis, Eduardas"]
[Black "Lagno, Kateryna"]
[Result "1/2-1/2"]
[WhiteElo "2619"]
[BlackElo "2472"]
[PlyCount "92"]
[GameId "2160767911086427"]
[EventDate "2004.08.04"]
[EventType "tourn"]
[EventRounds "11"]
[EventCountry "CAN"]
[EventCategory "12"]
[SourceTitle "CBM 103"]
[Source "ChessBase"]
[SourceDate "2004.11.11"]
[SourceVersion "1"]
[SourceVersionDate "2004.11.11"]
[SourceQuality "1"]

1. e4 d6 2. d4 Nf6 3. Nc3 g6 4. g3 Bg7 5. Bg2 O-O 6. Nge2 c6 7. O-O e5 8. h3 b5 9. a3 Nbd7 10. dxe5 dxe5 11. Be3 Qe7 12. Nc1 Nc5 13. Nd3 Nxd3 14. cxd3 a5 15. Qc2 Be6 16. Ne2 Qd7 17. Kh2 Rfd8 18. Rad1 a4 19. Rd2 c5 20. f4 exf4 21. Nxf4 Rac8 22. Rdf2 Bb3 23. Qb1 Qe7 24. Bd2 Rf8 25. d4 Nd7 26. dxc5 Bd4 27. c6 Rxc6 28. Bb4 Bc5 29. Nd5 Qd8 30. Rd2 Bxb4 31. Nxb4 Rc7 32. Nd5 Qg5 33. Qe1 Rcc8 34. h4 Qe5 35. Bh3 Bxd5 36. Rxd5 Qxb2+ 37. Rf2 Rc2 38. Rdd2 Ne5 39. Rxc2 Qxc2 40. Rxc2 Nf3+ 41. Kh1 Nxe1 42. Rc3 b4 43. axb4 Rb8 44. Kg1 Rxb4 45. Kf2 a3 46. Rxa3 Nc2 1/2-1/2

[Event "Montreal-A"]
[Site "Montreal CAN"]
[Date "2004.08.09"]
[Round "6"]
[White "Nataf, Igor A"]
[Black "Efimenko, Zahar"]
[Result "1/2-1/2"]
[WhiteElo "2553"]
[BlackElo "2572"]
[PlyCount "74"]
[GameId "2160767911086431"]
[EventDate "2004.08.04"]
[EventType "tourn"]
[EventRounds "11"]
[EventCountry "CAN"]
[EventCategory "12"]
[SourceTitle "CBM 103"]
[Source "ChessBase"]
[SourceDate "2004.11.11"]
[SourceVersion "1"]
[SourceVersionDate "2004.11.11"]
[SourceQuality "1"]

1. e4 c5 2. Nc3 Nc6 3. Nge2 g6 4. d4 cxd4 5. Nxd4 Bg7 6. Be3 Nf6 7. Bc4 O-O 8. Bb3 a5 9. O-O d6 10. Ndb5 b6 11. Re1 Ba6 12. a4 Rc8 13. Nd5 Nd7 14. Bg5 h6 15. Bh4 g5 16. Bg3 Nc5 17. c3 Bxb5 18. axb5 Nxb3 19. Qxb3 Ne5 20. Ne3 Rc5 21. Bxe5 Rxe5 22. Nf5 Qd7 23. c4 Rc5 24. Rad1 Qe6 25. Qa2 Rxc4 26. Nxe7+ Kh7 27. Nf5 Rxe4 28. Qxe6 Rxe6 29. Rxe6 fxe6 30. Nxg7 Kxg7 31. Rxd6 Rc8 32. g3 Kf6 33. Rxb6 Rc4 34. Ra6 a4 35. b6 Rb4 36. Kg2 Rxb2 37. Rxa4 Rxb6 1/2-1/2

[Event "Montreal-A"]
[Site "Montreal CAN"]
[Date "2004.08.09"]
[Round "6"]
[White "Tyomkin, Dimitri"]
[Black "Zugic, Igor"]
[Result "1-0"]
[WhiteElo "2498"]
[BlackElo "2465"]
[PlyCount "80"]
[GameId "2160767911086434"]
[EventDate "2004.08.04"]
[EventType "tourn"]
[EventRounds "11"]
[EventCountry "CAN"]
[EventCategory "12"]
[SourceTitle "CBM 103"]
[Source "ChessBase"]
[SourceDate "2004.11.11"]
[SourceVersion "1"]
[SourceVersionDate "2004.11.11"]
[SourceQuality "1"]

1. e4 e5 2. Nf3 Nc6 3. Bc4 Bc5 4. O-O d6 5. c3 Qe7 6. d4 Bb6 7. h3 Nf6 8. Re1 h6 9. b4 a6 10. a4 g5 11. a5 Ba7 12. b5 Nd8 13. Ba3 Nd7 14. dxe5 Nxe5 15. Nxe5 Qxe5 16. b6 Bb8 17. bxc7 Bxc7 18. Nd2 O-O 19. Bd5 Re8 20. Nc4 Qf6 21. Re3 Bd7 22. Qf3 Qg6 23. Qg3 Nc6 24. Bxd6 Bd8 25. Nb6 Bxb6 26. axb6 Rac8 27. Bc7 Re6 28. Bxe6 Bxe6 29. Rd1 Kh7 30. f4 gxf4 31. Qxf4 Qg5 32. Qxg5 hxg5 33. Rd6 Na5 34. Red3 Bc4 35. Rg3 Rg8 36. Bd8 g4 37. hxg4 Rg6 38. Bf6 Be6 39. g5 Rg8 40. Rgd3 Nc4 1-0

[Event "Montreal-A"]
[Site "Montreal CAN"]
[Date "2004.08.11"]
[Round "7"]
[White "Efimenko, Zahar"]
[Black "Huzman, Alexander"]
[Result "1/2-1/2"]
[WhiteElo "2572"]
[BlackElo "2588"]
[PlyCount "203"]
[GameId "2160767911086436"]
[EventDate "2004.08.04"]
[EventType "tourn"]
[EventRounds "11"]
[EventCountry "CAN"]
[EventCategory "12"]
[SourceTitle "CBM 103"]
[Source "ChessBase"]
[SourceDate "2004.11.11"]
[SourceVersion "1"]
[SourceVersionDate "2004.11.11"]
[SourceQuality "1"]

1. e4 c5 2. Nf3 d6 3. d4 cxd4 4. Nxd4 Nf6 5. Nc3 a6 6. Be2 e5 7. Nb3 Be7 8. O-O O-O 9. a4 Be6 10. a5 Nbd7 11. Bf3 Rc8 12. Be3 Qc7 13. Re1 h6 14. Nd2 Nh7 15. Nf1 Bg5 16. Re2 b5 17. axb6 Nxb6 18. b3 Bxe3 19. Rxe3 a5 20. Rd3 Qc5 21. Ne3 Rfd8 22. Na4 Nxa4 23. Rxa4 Ng5 24. Bg4 Rb8 25. h4 Bxg4 26. Qxg4 Ne6 27. Rc4 Qa3 28. Nf5 Kf8 29. Kh2 Qc1 30. Rd1 Qf4+ 31. Qxf4 exf4 32. Rxd6 Rdc8 33. Rdc6 Rxc6 34. Rxc6 h5 35. Ra6 Rc8 36. Rxa5 g6 37. Nd6 Rxc2 38. Ra7 Rxf2 39. Rxf7+ Kg8 40. Rf6 Nd4 41. Kg1 Rb2 42. Rxg6+ Kh7 43. Rf6 Rxb3 44. Nf5 Ne2+ 45. Kf2 Nc3 46. Rh6+ Kg8 47. Nd6 Nd1+ 48. Kg1 Re3 49. Rf6 Nc3 50. Kf2 Rxe4 51. Rf5 Rd4 52. Nb5 Rd5 53. Rxd5 Nxd5 54. Kf3 Kg7 55. Ke4 Ne7 56. Kxf4 Kf6 57. g3 Ng6+ 58. Ke4 Ne5 59. Nc7 Ng4 60. Nd5+ Kg6 61. Nf4+ Kh6 62. Kf5 Ne3+ 63. Kf6 Nf1 64. Ne2 Nd2 65. Nc3 Nf1 66. Ne4 Ne3 67. Nd6 Ng4+ 68. Kf7 Ne5+ 69. Ke6 Ng4 70. Nf7+ Kg7 71. Nd6 Kg6 72. Nc4 Kg7 73. Kf5 Kh6 74. Ne5 Ne3+ 75. Ke4 Nf1 76. Kf4 Nd2 77. Nf3 Nf1 78. Ne5 Nd2 79. Ke3 Nf1+ 80. Kf2 Nd2 81. Nd3 Kg6 82. Nf4+ Kh6 83. Nd5 Kg6 84. Ke3 Nf1+ 85. Kf4 Nd2 86. Ne3 Kf6 87. Nd5+ Kg6 88. Ke3 Nf1+ 89. Kf3 Nd2+ 90. Kf4 Nf1 91. Nc3 Nd2 92. Ne4 Nc4 93. Nf2 Nd2 94. Nd1 Nc4 95. Ke4 Nd2+ 96. Ke5 Nf1 97. Kf4 Kf6 98. Ne3 Nxe3 99. Kxe3 Ke5 100. Kf3 Kf5 101. g4+ hxg4+ 102. Kg3 1/2-1/2

[Event "Montreal-A"]
[Site "Montreal CAN"]
[Date "2004.08.11"]
[Round "7"]
[White "Moiseenko, Alexander"]
[Black "Nataf, Igor A"]
[Result "0-1"]
[WhiteElo "2640"]
[BlackElo "2553"]
[PlyCount "72"]
[GameId "2160767911086438"]
[EventDate "2004.08.04"]
[EventType "tourn"]
[EventRounds "11"]
[EventCountry "CAN"]
[EventCategory "12"]
[SourceTitle "CBM 103"]
[Source "ChessBase"]
[SourceDate "2004.11.11"]
[SourceVersion "1"]
[SourceVersionDate "2004.11.11"]
[SourceQuality "1"]

1. d4 Nf6 2. c4 g6 3. Nc3 Bg7 4. e4 d6 5. f3 O-O 6. Be3 c5 7. Nge2 Nc6 8. d5 Ne5 9. Ng3 e6 10. Be2 exd5 11. cxd5 h5 12. O-O Nh7 13. f4 Ng4 14. Bxg4 Bxg4 15. Qd2 h4 16. Nh1 h3 17. g3 Re8 18. Nf2 Bf3 19. Nxh3 Bxe4 20. Nxe4 Rxe4 21. Nf2 Rb4 22. Nd3 Re4 23. Nf2 Re8 24. Rae1 f5 25. g4 Qf6 26. Re2 fxg4 27. Nxg4 Qf5 28. Rg2 Nf6 29. Nxf6+ Bxf6 30. Kh1 Kf7 31. Bg1 Re4 32. Rf3 Rae8 33. Rfg3 Re1 34. Rxg6 Bd4 35. Re6 Rxg1+ 36. Rxg1 Qxd5+ 0-1

[Event "Montreal-A"]
[Site "Montreal CAN"]
[Date "2004.08.11"]
[Round "7"]
[White "Rozentalis, Eduardas"]
[Black "Tyomkin, Dimitri"]
[Result "0-1"]
[WhiteElo "2619"]
[BlackElo "2498"]
[PlyCount "84"]
[GameId "2160767911086439"]
[EventDate "2004.08.04"]
[EventType "tourn"]
[EventRounds "11"]
[EventCountry "CAN"]
[EventCategory "12"]
[SourceTitle "CBM 103"]
[Source "ChessBase"]
[SourceDate "2004.11.11"]
[SourceVersion "1"]
[SourceVersionDate "2004.11.11"]
[SourceQuality "1"]

1. e4 c5 2. Nf3 d6 3. Bc4 Nf6 4. d3 Bg4 5. e5 Bxf3 6. Qxf3 dxe5 7. Qxb7 Nbd7 8. Nc3 Qc8 9. Qf3 e6 10. g4 Nb6 11. Bb5+ Nfd7 12. a4 a6 13. Bc6 Rb8 14. a5 Na8 15. Ne4 Be7 16. g5 O-O 17. Rg1 Kh8 18. Bxd7 Qxd7 19. Qh5 Nc7 20. Rg3 Nd5 21. b3 Nf4 22. Bxf4 exf4 23. Rh3 h6 24. Ra4 Rb4 25. Rxb4 cxb4 26. gxh6 g6 27. Qe5+ f6 28. Qxf4 e5 29. Qe3 Kh7 30. Rg3 Rc8 31. Qe2 f5 32. Ng5+ Bxg5 33. Rxg5 Qc6 34. Rg3 Qh1+ 35. Kd2 Qa1 36. d4 e4 37. d5 Qb2 38. Qd1 Rc5 39. Ke3 Rxc2 40. d6 Qc3+ 41. Kf4 Rxf2+ 42. Kg5 Qe5 0-1

[Event "Montreal-A"]
[Site "Montreal CAN"]
[Date "2004.08.11"]
[Round "7"]
[White "Zugic, Igor"]
[Black "Bluvshtein, Mark"]
[Result "0-1"]
[WhiteElo "2465"]
[BlackElo "2462"]
[PlyCount "100"]
[GameId "2160767911086440"]
[EventDate "2004.08.04"]
[EventType "tourn"]
[EventRounds "11"]
[EventCountry "CAN"]
[EventCategory "12"]
[SourceTitle "CBM 103"]
[Source "ChessBase"]
[SourceDate "2004.11.11"]
[SourceVersion "1"]
[SourceVersionDate "2004.11.11"]
[SourceQuality "1"]

1. c4 e6 2. Nc3 c5 3. Nf3 b6 4. g3 Bb7 5. Bg2 Nf6 6. O-O d6 7. Re1 Ne4 8. Qc2 Nxc3 9. dxc3 Nd7 10. e4 Be7 11. Be3 Ne5 12. Nd2 Ng4 13. Nf1 Nxe3 14. Nxe3 h5 15. a4 Qc7 16. a5 bxa5 17. Qa4+ Bc6 18. Qxa5 Qb7 19. Qa6 Qc7 20. e5 Bxg2 21. exd6 Bxd6 22. Kxg2 O-O 23. Red1 Be7 24. Ra5 Rab8 25. Rb5 Rb6 26. Rxb6 axb6 27. Qa4 Qb7+ 28. f3 Qb8 29. Qc6 Bg5 30. f4 Bf6 31. Rd7 Rd8 32. Rxd8+ Qxd8 33. Qf3 Qd2+ 34. Qf2 Qd3 35. Kf3 g5 36. h3 Qd7 37. Ke2 Qa4 38. f5 Qa2 39. Kd3 Qb1+ 40. Qc2 Qe1 41. g4 exf5 42. gxf5 g4 43. hxg4 h4 44. Qd1 Qg3 45. Ke4 Qe5+ 46. Kf3 Bg5 47. Nf1 h3 48. Kf2 Qe4 49. Qf3 Bh4+ 50. Ng3 Qe5 0-1

[Event "Montreal-A"]
[Site "Montreal CAN"]
[Date "2004.08.12"]
[Round "8"]
[White "Bluvshtein, Mark"]
[Black "Rozentalis, Eduardas"]
[Result "0-1"]
[WhiteElo "2462"]
[BlackElo "2619"]
[PlyCount "65"]
[GameId "2160767911086441"]
[EventDate "2004.08.04"]
[EventType "tourn"]
[EventRounds "11"]
[EventCountry "CAN"]
[EventCategory "12"]
[SourceTitle "CBM 103"]
[Source "ChessBase"]
[SourceDate "2004.11.11"]
[SourceVersion "1"]
[SourceVersionDate "2004.11.11"]
[SourceQuality "1"]

1. e4 e6 2. d4 d5 3. Nc3 dxe4 4. Nxe4 Bd7 5. Nf3 Bc6 6. Bd3 Nd7 7. O-O Ngf6 8. Ng3 Bxf3 9. Qxf3 c6 10. b3 Be7 11. Bb2 O-O 12. c4 Qa5 13. a3 Rfe8 14. Rfe1 Rad8 15. Re2 Nf8 16. h4 Rd7 17. Rae1 Qc7 18. Nf1 Red8 19. Bb1 Rxd4 20. Bxd4 Rxd4 21. Qe3 Rxh4 22. Qxa7 Rh5 23. b4 Qf4 24. Ng3 Bd6 25. c5 Qh4 26. Re3 Bxg3 27. fxg3 Qd4 28. Qb8 Nd5 29. Qd6 e5 30. g4 Rg5 31. Qd8 Rxg4 32. Bf5 Rg3 33. Kh2 0-1

[Event "Montreal-A"]
[Site "Montreal CAN"]
[Date "2004.08.12"]
[Round "8"]
[White "Tyomkin, Dimitri"]
[Black "Lagno, Kateryna"]
[Result "1-0"]
[WhiteElo "2498"]
[BlackElo "2472"]
[PlyCount "51"]
[GameId "2160767911086446"]
[EventDate "2004.08.04"]
[EventType "tourn"]
[EventRounds "11"]
[EventCountry "CAN"]
[EventCategory "12"]
[SourceTitle "CBM 103"]
[Source "ChessBase"]
[SourceDate "2004.11.11"]
[SourceVersion "1"]
[SourceVersionDate "2004.11.11"]
[SourceQuality "1"]

1. e4 d6 2. d4 g6 3. Nc3 Bg7 4. f4 a6 5. Nf3 b5 6. Be3 Bb7 7. Bd3 Nd7 8. e5 e6 9. Be4 Bxe4 10. Nxe4 Nb6 11. Qe2 Ne7 12. O-O-O Ned5 13. Kb1 Qd7 14. Bc1 O-O-O 15. g4 Kb7 16. h4 h5 17. gxh5 Rxh5 18. Nfg5 Rdh8 19. exd6 Na4 20. c4 bxc4 21. Qxc4 Ndb6 22. Qxc7+ Qxc7 23. dxc7 Nd5 24. Nxf7 Rg8 25. Nd8+ Kxc7 26. Nxe6+ 1-0

[Event "Montreal-A"]
[Site "Montreal CAN"]
[Date "2004.08.13"]
[Round "9"]
[White "Lagno, Kateryna"]
[Black "Bluvshtein, Mark"]
[Result "0-1"]
[WhiteElo "2472"]
[BlackElo "2462"]
[PlyCount "68"]
[GameId "2160767911086448"]
[EventDate "2004.08.04"]
[EventType "tourn"]
[EventRounds "11"]
[EventCountry "CAN"]
[EventCategory "12"]
[SourceTitle "CBM 103"]
[Source "ChessBase"]
[SourceDate "2004.11.11"]
[SourceVersion "1"]
[SourceVersionDate "2004.11.11"]
[SourceQuality "1"]

1. e4 e5 2. Nf3 Nf6 3. Nxe5 d6 4. Nf3 Nxe4 5. d4 d5 6. Bd3 Bd6 7. O-O O-O 8. c4 c6 9. Qc2 Na6 10. a3 Bg4 11. Ne5 Bf5 12. b4 f6 13. Nf3 Qe8 14. c5 Bb8 15. Nc3 Bg6 16. Nh4 f5 17. Nxg6 Qxg6 18. b5 Nc7 19. bxc6 bxc6 20. Ne2 Ne6 21. f4 Bc7 22. Rb1 Qh6 23. Rb7 Rf7 24. Be3 g5 25. Rxc7 Rxc7 26. fxg5 N6xg5 27. Bf4 Rf7 28. Qc1 Qg6 29. Kh1 Ne6 30. Be5 Re8 31. Qb2 f4 32. Qc2 N6xc5 33. Nxf4 Nxd3 34. Qxd3 Rxf4 0-1

[Event "Montreal-A"]
[Site "Montreal CAN"]
[Date "2004.08.13"]
[Round "9"]
[White "Novikov, Igor A"]
[Black "Tyomkin, Dimitri"]
[Result "1-0"]
[WhiteElo "2610"]
[BlackElo "2498"]
[PlyCount "81"]
[GameId "2160767911086450"]
[EventDate "2004.08.04"]
[EventType "tourn"]
[EventRounds "11"]
[EventCountry "CAN"]
[EventCategory "12"]
[SourceTitle "CBM 103"]
[Source "ChessBase"]
[SourceDate "2004.11.11"]
[SourceVersion "1"]
[SourceVersionDate "2004.11.11"]
[SourceQuality "1"]

1. d4 Nf6 2. c4 g6 3. Nc3 d5 4. Bf4 Bg7 5. e3 c5 6. dxc5 Qa5 7. Rc1 dxc4 8. Bxc4 O-O 9. Nge2 Nc6 10. O-O Qxc5 11. Nb5 Qh5 12. Nc7 Rb8 13. Nd5 Ra8 14. Nec3 Qxd1 15. Rfxd1 Bf5 16. f3 Nxd5 17. Bxd5 Rad8 18. e4 Be6 19. Be3 a6 20. Bb6 Rc8 21. Bxe6 fxe6 22. Na4 Ne5 23. Bc7 Bh6 24. Rc3 Bf4 25. Kf1 Nxf3 26. Bxf4 Rxc3 27. Bh6 Nd2+ 28. Ke2 Rc4 29. Bxf8 Kxf8 30. Nb6 Rxe4+ 31. Kxd2 Rb4 32. Nd7+ Ke8 33. Kc3 Rb5 34. a4 Rh5 35. h3 a5 36. Nb6 Rc5+ 37. Nc4 Kf7 38. Rd7 Rg5 39. g4 h5 40. Rxb7 hxg4 41. hxg4 1-0

[Event "Montreal-A"]
[Site "Montreal CAN"]
[Date "2004.08.14"]
[Round "10"]
[White "Efimenko, Zahar"]
[Black "Zugic, Igor"]
[Result "1-0"]
[WhiteElo "2572"]
[BlackElo "2465"]
[PlyCount "103"]
[GameId "2160767911086454"]
[EventDate "2004.08.04"]
[EventType "tourn"]
[EventRounds "11"]
[EventCountry "CAN"]
[EventCategory "12"]
[SourceTitle "CBM 103"]
[Source "ChessBase"]
[SourceDate "2004.11.11"]
[SourceVersion "1"]
[SourceVersionDate "2004.11.11"]
[SourceQuality "1"]

1. e4 c5 2. Nf3 d6 3. d4 cxd4 4. Nxd4 Nf6 5. Nc3 a6 6. Be2 e6 7. O-O Qc7 8. f4 Be7 9. Be3 Nbd7 10. a4 b6 11. Bf3 Bb7 12. f5 e5 13. Nde2 Nc5 14. Ng3 h6 15. Nh5 Nxh5 16. Bxh5 Bg5 17. Bxg5 hxg5 18. Nd5 Bxd5 19. Qxd5 Rd8 20. Bf3 Ke7 21. Qd2 Kf6 22. b4 g4 23. Bxg4 Nxe4 24. Qd3 d5 25. Qxa6 Nc3 26. Qd3 e4 27. Qd4+ Qe5 28. Qxe5+ Kxe5 29. a5 b5 30. a6 Ra8 31. a7 Rhd8 32. Ra6 g6 33. f6 Kd4 34. Rfa1 Ke3 35. Rc6 Kd2 36. Rc7 e3 37. Rxf7 e2 38. Re7 Ne4 39. Bxe2 Kxe2 40. f7 Kd2 41. Re8 Rxe8 42. fxe8=Q Rxe8 43. a8=Q Rxa8 44. Rxa8 Kxc2 45. Rd8 Nc3 46. Kf2 Kd3 47. Kf3 d4 48. h4 Na2 49. g4 Nxb4 50. h5 gxh5 51. gxh5 Nc6 52. Re8 1-0

[Event "Montreal-A"]
[Site "Montreal CAN"]
[Date "2004.08.14"]
[Round "10"]
[White "Huzman, Alexander"]
[Black "Tyomkin, Dimitri"]
[Result "1/2-1/2"]
[WhiteElo "2588"]
[BlackElo "2498"]
[PlyCount "41"]
[GameId "2160767911086455"]
[EventDate "2004.08.04"]
[EventType "tourn"]
[EventRounds "11"]
[EventCountry "CAN"]
[EventCategory "12"]
[SourceTitle "CBM 103"]
[Source "ChessBase"]
[SourceDate "2004.11.11"]
[SourceVersion "1"]
[SourceVersionDate "2004.11.11"]
[SourceQuality "1"]

1. d4 Nf6 2. Bg5 e6 3. Nd2 h6 4. Bh4 c5 5. e3 Be7 6. Ngf3 b6 7. Bd3 Bb7 8. O-O cxd4 9. Bxf6 Bxf6 10. exd4 O-O 11. Qe2 d6 12. Ne4 Be7 13. c3 Nd7 14. Rad1 Nf6 15. Nfd2 Nd5 16. f4 f5 17. Ng3 Rf6 18. c4 Nc7 19. Nf3 Bf8 20. Qf2 Rf7 21. Rfe1 1/2-1/2

[Event "Montreal-A"]
[Site "Montreal CAN"]
[Date "2004.08.14"]
[Round "10"]
[White "Nataf, Igor A"]
[Black "Rozentalis, Eduardas"]
[Result "1/2-1/2"]
[WhiteElo "2553"]
[BlackElo "2619"]
[PlyCount "35"]
[GameId "2160767911086457"]
[EventDate "2004.08.04"]
[EventType "tourn"]
[EventRounds "11"]
[EventCountry "CAN"]
[EventCategory "12"]
[SourceTitle "CBM 103"]
[Source "ChessBase"]
[SourceDate "2004.11.11"]
[SourceVersion "1"]
[SourceVersionDate "2004.11.11"]
[SourceQuality "1"]

1. e4 e6 2. d4 d5 3. Nc3 dxe4 4. Nxe4 b6 5. Bb5+ c6 6. Be2 Be7 7. Nf3 Nf6 8. Nxf6+ Bxf6 9. O-O O-O 10. Ne5 Ba6 11. c4 Qc8 12. Ng4 Be7 13. b3 Nd7 14. Bf4 Bb7 15. Bf3 Nf6 16. Qe2 Nxg4 17. Bxg4 Bf6 18. Rad1 1/2-1/2

[Event "Montreal-A"]
[Site "Montreal CAN"]
[Date "2004.08.15"]
[Round "11"]
[White "Rozentalis, Eduardas"]
[Black "Efimenko, Zahar"]
[Result "1/2-1/2"]
[WhiteElo "2619"]
[BlackElo "2572"]
[PlyCount "97"]
[GameId "2160767911086462"]
[EventDate "2004.08.04"]
[EventType "tourn"]
[EventRounds "11"]
[EventCountry "CAN"]
[EventCategory "12"]
[SourceTitle "CBM 103"]
[Source "ChessBase"]
[SourceDate "2004.11.11"]
[SourceVersion "1"]
[SourceVersionDate "2004.11.11"]
[SourceQuality "1"]

1. e4 c5 2. c3 d6 3. d4 Nf6 4. Bd3 g6 5. h3 Bg7 6. Nf3 O-O 7. O-O Qc7 8. Na3 Nc6 9. d5 Nb8 10. Nb5 Qd8 11. a4 Na6 12. Bf4 Nc7 13. Qd2 a6 14. Nxc7 Qxc7 15. a5 e5 16. dxe6 Bxe6 17. Bc2 Rad8 18. Bg5 Rd7 19. Bf4 Bc4 20. Rfe1 Re8 21. Rad1 Red8 22. b3 Bb5 23. c4 Bc6 24. Re2 Nh5 25. Bg5 Re8 26. Rde1 Re6 27. Bh6 Bxh6 28. Qxh6 f6 29. Qd2 Qd8 30. Nh2 Qe8 31. Ng4 Rde7 32. Re3 Kg7 33. f3 Kg8 34. h4 Qf8 35. Rd1 Ng7 36. Rd3 Rd7 37. Qf4 Nh5 38. Qd2 Kh8 39. Re3 Rde7 40. Qc3 Nf4 41. g3 Nh5 42. Kf2 Ng7 43. Rde1 h5 44. Nh2 Kg8 45. Nf1 Qf7 46. f4 f5 47. e5 dxe5 48. Rxe5 Qe8 49. Rxe6 1/2-1/2

[Event "Montreal-A"]
[Site "Montreal CAN"]
[Date "2004.08.15"]
[Round "11"]
[White "Tyomkin, Dimitri"]
[Black "Bluvshtein, Mark"]
[Result "1/2-1/2"]
[WhiteElo "2498"]
[BlackElo "2462"]
[PlyCount "50"]
[GameId "2160767911086463"]
[EventDate "2004.08.04"]
[EventType "tourn"]
[EventRounds "11"]
[EventCountry "CAN"]
[EventCategory "12"]
[SourceTitle "CBM 103"]
[Source "ChessBase"]
[SourceDate "2004.11.11"]
[SourceVersion "1"]
[SourceVersionDate "2004.11.11"]
[SourceQuality "1"]

1. e4 e6 2. d4 d5 3. Nd2 c5 4. exd5 Qxd5 5. Ngf3 cxd4 6. Bc4 Qd6 7. O-O Nf6 8. Nb3 Nc6 9. Nbxd4 Nxd4 10. Nxd4 a6 11. Bb3 Bd7 12. Re1 O-O-O 13. Bg5 Qc7 14. Qe2 Bd6 15. h3 Qc5 16. Qe3 h6 17. Bf4 Bxf4 18. Qxf4 Qc7 19. Qxc7+ Kxc7 20. Rad1 Bc6 21. c3 Bd5 22. f3 Bxb3 23. Nxb3 Rxd1 24. Rxd1 Rd8 25. Rxd8 Kxd8 1/2-1/2

[Event "Montreal-B"]
[Site "Montreal CAN"]
[Date "2004.08.04"]
[Round "1"]
[White "Arencibia Rodriguez, Walter"]
[Black "Krush, Irina"]
[Result "1/2-1/2"]
[WhiteElo "2531"]
[BlackElo "2459"]
[PlyCount "98"]
[GameId "2160767911086465"]
[EventDate "2004.08.04"]
[EventType "tourn"]
[EventRounds "11"]
[EventCountry "CAN"]
[EventCategory "8"]
[SourceTitle "CBM 101 Extra"]
[Source "ChessBase"]
[SourceDate "2004.09.01"]
[SourceVersion "2"]
[SourceVersionDate "2004.09.01"]
[SourceQuality "1"]

1. d4 d5 2. c4 c6 3. Nf3 Nf6 4. e3 a6 5. Nbd2 e6 6. b3 c5 7. Bb2 Nc6 8. Bd3 cxd4 9. exd4 Be7 10. O-O O-O 11. Rc1 b6 12. Qe2 Bb7 13. Rfd1 Re8 14. Nf1 Bf8 15. Ne3 g6 16. Bb1 Bg7 17. Ne5 Qd6 18. Qf3 Re7 19. Qh3 Rd8 20. Qh4 Ree8 21. h3 Qe7 22. c5 bxc5 23. dxc5 Nd7 24. Qxe7 Nxe7 25. N3g4 Nxe5 26. Nxe5 f6 27. c6 fxe5 28. cxb7 Rd7 29. Bd3 Rxb7 30. Bxa6 Ra7 31. Bb5 Rd8 32. a4 d4 33. Ba3 Nd5 34. Rc6 Kf7 35. Bc4 Rdd7 36. Bc5 Rac7 37. Bxd5 exd5 38. Rxc7 Rxc7 39. b4 Bf8 40. Bxf8 Kxf8 41. a5 Rc4 42. b5 Rc5 43. Rb1 d3 44. a6 d2 45. a7 Rc1+ 46. Kh2 Rxb1 47. a8=Q+ Ke7 48. Qa7+ Ke6 49. Qb6+ Ke7 1/2-1/2